00577nam a2200181Ia 4500008004100000020001500041041001200056082001600068100001500084245003400099250000800133260002500141300000800166650001600174942000700190999001500197952018300212221030s9999 xx 000 0 und d a8120308352 aEnglish a105.23bMan aM. M. Mano 0aDigital Designcby M. M. Mano a2nd bPHIaNew Delhic1999 a516 aBE Computer cBK c2550d2550 pBE 1515g150.00l1o105.23 Manr2024-06-13 00:00:00s2023-12-20w2022-10-30yBK003Print4070aMIETLIBbMIETLIBcBL-Academic Block C, FL-2, CUP-93, SH-3, R-3d2000-05-0810HBE